Governance and Sustainability in Information Systems. Managing the Transfer and Diffusion of IT IFIP WG 8.6 International Working Conference, Hamburg, Germany, September 22-24, 2011. Proceedings /

This book constitutes the refereed proceedings of the IFIP WG 8.6 International Working Conference on Governance and Sustainability in Information Systems, held in Hamburg, Germany, in September 2011. The 14 revised full papers and 16 research in progress and practice papers presented were carefully...

Full description

Bibliographic Details
Corporate Author: SpringerLink (Online service)
Other Authors: Nüttgens, Markus (Editor), Gadatsch, Andreas (Editor), Kautz, Karlheinz (Editor), Schirmer, Ingrid (Editor), Blinn, Nadine (Editor)
Format: Electronic eBook
Language:English
Published: Berlin, Heidelberg : Springer Berlin Heidelberg, 2011.
Series:IFIP Advances in Information and Communication Technology, 366
Subjects:
Online Access:Full Text via HEAL-Link
LEADER 02862nam a22005895i 4500
001 978-3-642-24148-2
003 DE-He213
005 20151126141913.0
007 cr nn 008mamaa
008 110924s2011 gw | s |||| 0|eng d
020 |a 9783642241482  |9 978-3-642-24148-2 
024 7 |a 10.1007/978-3-642-24148-2  |2 doi 
040 |d GrThAP 
050 4 |a QA76.76.A65 
072 7 |a UNH  |2 bicssc 
072 7 |a UDBD  |2 bicssc 
072 7 |a COM032000  |2 bisacsh 
082 0 4 |a 005.7  |2 23 
245 1 0 |a Governance and Sustainability in Information Systems. Managing the Transfer and Diffusion of IT  |h [electronic resource] :  |b IFIP WG 8.6 International Working Conference, Hamburg, Germany, September 22-24, 2011. Proceedings /  |c edited by Markus Nüttgens, Andreas Gadatsch, Karlheinz Kautz, Ingrid Schirmer, Nadine Blinn. 
264 1 |a Berlin, Heidelberg :  |b Springer Berlin Heidelberg,  |c 2011. 
300 |a XII, 372 p.  |b online resource. 
336 |a text  |b txt  |2 rdacontent 
337 |a computer  |b c  |2 rdamedia 
338 |a online resource  |b cr  |2 rdacarrier 
347 |a text file  |b PDF  |2 rda 
490 1 |a IFIP Advances in Information and Communication Technology,  |x 1868-4238 ;  |v 366 
520 |a This book constitutes the refereed proceedings of the IFIP WG 8.6 International Working Conference on Governance and Sustainability in Information Systems, held in Hamburg, Germany, in September 2011. The 14 revised full papers and 16 research in progress and practice papers presented were carefully reviewed and selected from 47 submissions. The full research papers are organized in the following topical sections:governance, sustainability, design themes, customer and user integration, and future subjects. 
650 0 |a Computer science. 
650 0 |a Computer communication systems. 
650 0 |a Software engineering. 
650 0 |a Database management. 
650 0 |a Information storage and retrieval. 
650 0 |a Artificial intelligence. 
650 1 4 |a Computer Science. 
650 2 4 |a Information Systems Applications (incl. Internet). 
650 2 4 |a Artificial Intelligence (incl. Robotics). 
650 2 4 |a Computer Communication Networks. 
650 2 4 |a Information Storage and Retrieval. 
650 2 4 |a Database Management. 
650 2 4 |a Software Engineering. 
700 1 |a Nüttgens, Markus.  |e editor. 
700 1 |a Gadatsch, Andreas.  |e editor. 
700 1 |a Kautz, Karlheinz.  |e editor. 
700 1 |a Schirmer, Ingrid.  |e editor. 
700 1 |a Blinn, Nadine.  |e editor. 
710 2 |a SpringerLink (Online service) 
773 0 |t Springer eBooks 
776 0 8 |i Printed edition:  |z 9783642241475 
830 0 |a IFIP Advances in Information and Communication Technology,  |x 1868-4238 ;  |v 366 
856 4 0 |u http://dx.doi.org/10.1007/978-3-642-24148-2  |z Full Text via HEAL-Link 
912 |a ZDB-2-SCS 
950 |a Computer Science (Springer-11645)